000 00788nam a2200253 i 4500
001 105778
003 ES-MaACL
005 20230906183954.0
007 t|
008 041209s1979 sp ||||1| spa d
020 _a84-7423-111-6
080 _a262.136.12(460)(091)
100 1 _aKamen, Henry.
_967471
245 1 3 _aLa Inquisición española /
_cHenry Kamen ; [traducido por Enrique de Obregón].
260 _aBarcelona :
_bCrítica,
_c[1979]
300 _a324 p. ;
_c20 cm.
490 1 _aTemas hispánicos ;
_v63
500 _aBiblioteca Juan Andrade.
650 4 _aInquisición-
_zEspaña-
_vHistoria.
_913799
700 1 _aObregón, Enrique de.
_986425
830 0 _aTemas hispánicos ;
_v63
_9177821
852 _aES-MaACL
_jAND-601
_bR.109899
999 _c105778
_d105778